<The> Tax Competitiveness of Tourism Enterprises in an International Context

Analýza najdôležitejších typov daní v oblasti cestovného ruchu v Českej republike, Slovensku a Rakúsku a ich vplyv na medzinárodnú konkurencieschopnosť podnikov.

Salvato in:
Dettagli Bibliografici
Autore principale: Říhová, Lenka
Natura: Capitolo di libro
Lingua:inglese
Soggetti:
Tags: Aggiungi Tag
Nessun Tag, puoi essere il primo ad aggiungerne!!

MARC

LEADER 00000naa a2200000 4500
001 0246701
005 20220715113258.5
041 0 |a eng 
044 |a CZ 
245 1 0 |a <The> Tax Competitiveness of Tourism Enterprises in an International Context  |c Lenka Říhová 
520 |a Analýza najdôležitejších typov daní v oblasti cestovného ruchu v Českej republike, Slovensku a Rakúsku a ich vplyv na medzinárodnú konkurencieschopnosť podnikov. 
610 2 0 |a Česko 
610 2 0 |a Slovensko 
610 2 0 |a Rakúsko 
610 2 0 |a porovnanie medzinárodné 
610 2 0 |a konkurencieschopnosť 
610 2 0 |a dane 
610 2 0 |a podnik ruchu cestovného 
610 2 0 |a ruch cestovný 
100 1 |a Říhová, Lenka